Category management

Gespeichert in:
Bibliographische Detailangaben
1. Verfasser: Hesková, Marie
Format: Buch
Sprache:Tschechisch
Veröffentlicht: Praha Profess Consulting, s.r.o. 2006
Schlagworte:
Tags: Tag hinzufügen
Keine Tags, Fügen Sie das erste Tag hinzu!

MARC

LEADER 00000nam$a2200000$$$4500
001 0054832
005 20240313085628.9
020 |a 80-7259-049-9 
041 0 |a cze 
044 |a CZ 
245 1 0 |a Category management  |c Marie Hesková 
264 1 |a Praha  |b Profess Consulting, s.r.o.  |c 2006 
300 |a viii, 184 s. 
610 2 0 |a marketing manažment 
610 2 0 |a systém CRM 
610 2 0 |a manažment sortimentný 
610 2 0 |a riadenie podnikové 
610 2 0 |a konkurencia 
610 2 0 |a spotrebitelia 
610 2 0 |a výmena informácií 
610 2 0 |a elektronizácia 
610 2 0 |a zákazníci 
610 2 0 |a plánovanie 
610 2 0 |a prognózovanie 
610 2 0 |a manažment 
610 2 0 |a kategórie ekonomické 
610 2 0 |a značky výrobné 
610 2 0 |a štúdie prípadové 
100 1 |a Hesková, Marie